000 00608nam a2200193Ia 4500
003 GCL
008 140319s9999 xx 000 0 ara d
040 _aGCL /
_cGCL
082 0 4 _a301.24
_bع ث
100 1 _aعاطف وصفى
245 1 0 _aالثقافة والشخصية: الشخصية ومحدداتها الثقافية /
_cعاطف وصفى
300 _a269 ص
490 _a
650 0 4 _aالتغير الاجتماعى
650 0 4 _aالثقافة الذاتية
650 0 4 _aالانثربولوجية الاجتماعية
650 0 4 _aالشخصية والثقافة
942 _2ddc
_cBK
999 _c37586
_d37586